00733nam a2200169 a 450000100100000000500170001000800410002704000250006808200150009310000330010824501060014126000310024730000360027895201130031495201190042799900170054600004456020201002045449.0140716s1974 xxuac 000 0 spa d aDO-SdBNPbspacBNPHU axxxxbxxxx1 aAngulo Rivera, Rafael97257810aVida pasión y muerte del inmortal Roberto Clemente /cRafael Angulo Rivera, Jesus M. Ayuso Rosario. a[S. l.] :bs.n.,c[1974?]. a190 p. :bil., retrs. ;c21 cm. 001050718MOaGRbGRcCTd2014-07-16iLF1l0oxxxx xxxxp44560-10r2020-06-25w2020-06-25y1ZNo se presta 001050718MOaGRbGRcCTd2014-07-16iLF1l0oxxxx xxxxp44560-20r2020-06-25te. 2w2020-06-25y1ZNo se presta c44049d44049